|
|
|
|
| LEADER |
00000nab a2200000 ar4500 |
| 001 |
vtls008629802 |
| 003 |
SK-MaSNL |
| 005 |
20260426072904.0 |
| 008 |
060309c20060210xo wr|p|||||||000 b|slo |
| 015 |
|
|
|a SNBRB2006/03
|2 snkbucl
|
| 038 |
|
|
|a SNKBUCL
|
| 040 |
|
|
|a SNKBUCL
|b slo
|c SNKBUCL
|e AACR2
|
| 041 |
0 |
|
|a slo
|
| 044 |
|
|
|a xo
|c SK
|
| 080 |
|
|
|a 636.3
|x (437.6)
|2 1997
|
| 100 |
1 |
|
|a Farárik, Peter
|4 ivr
|4 aut
|9 331530
|
| 245 |
1 |
0 |
|a Nízke nákupné ceny neprajú rentabilite
|c Peter Farárik, Pavol Srpoň
|
| 300 |
|
|
|b Fotogr.
|
| 650 |
0 |
7 |
|a ovce
|2 snkbucl
|9 14971
|
| 650 |
0 |
7 |
|a kozy
|2 snkbucl
|9 16130
|
| 650 |
0 |
7 |
|a chov hospodárskych zvierat
|2 snkbucl
|9 2802
|
| 651 |
|
7 |
|a Slovensko
|2 snkbucl
|9 14231
|
| 700 |
1 |
|
|a Srpoň, Pavol
|4 ive
|4 aut
|9 890353
|
| 773 |
0 |
|
|t Sme. Roľnícke noviny
|g Č. 34 (10.2.2006), s. 5
|x 1335-440X
|
| 852 |
|
|
|a SNK
|b KIS3GCP
|
| 999 |
|
|
|c 2694839
|d 2696769
|